Clash Royale: All Races of Cards - Statistics

General Stats
  • This quiz has been taken 88 times
  • The average score is 6 of 10
Answer Stats
Answer % Correct
Goblins
93%
Skeletons
84%
Humans
73%
Dragons
71%
Giants
63%
Spells
61%
Spirits
54%
Minions
45%
Machines
43%
Golems
38%
No matching quizzes found
Score Distribution
Percent of People with Each Score
Percentile by Number Answered
Your Score History
You have not taken this quiz